| 000 | 00905nam a22002057a 4500 | ||
|---|---|---|---|
| 003 | OSt | ||
| 005 | 20260415141032.0 | ||
| 008 | 260415b |||||||| |||| 00| 0 eng d | ||
| 040 | _c0 | ||
| 082 | _aDPer 796.07 St822 September-December 2015 v.28 n.5-6 January-October 2016 v.29 n.1-5 | ||
| 100 |
_aBradford, Brent. _eauthor. _970590 |
||
| 245 |
_aMentorship in Practice Program an Effective school-based strategy / _cBrent Bradford, Shannon Kell, and Nick Forsberg. |
||
| 260 |
_aAnnapolis Junction, Maryland, U.S.A. : _bSHAPE America (Society of Health and Physical Educators) ; _cJanuary/February 2015. |
||
| 300 |
_avolume 29, pages 36-42 : _billustration ; _c27cm. |
||
| 500 | _aStrategy, vol. 29, no.3, pages 36-42, January-February 2016. | ||
| 700 |
_aBradford, Brent. _eauthor. _970590 |
||
| 700 |
_aKell, Shannon. _eauthor. _970591 |
||
| 700 |
_aForsberg, Nick. _eauthor. _970592 |
||
| 942 |
_2ddc _cPER |
||
| 999 |
_c24606 _d24606 |
||